Guess the NHL player - Statistics

General Stats
  • This quiz has been taken 89 times
  • The average score is 8 of 15
Answer Stats
Hint Answer % Correct
center penguins crosby
99%
forward penguins malkin
78%
defense penguins letang
66%
defense lightning hedman
65%
defense preds josi
64%
defense rangers fox
60%
forward rangers panarin
59%
goalie predators saros
59%
forward wild kaprizov
54%
forward ducks zegras
50%
forward knights stone
49%
forward kings kopitar
48%
goalie lightning vasilevskiy
46%
forward penguins rust
26%
forward blues perron
6%
No matching quizzes found
Score Distribution
Percent of People with Each Score
Percentile by Number Answered
Your Score History
You have not taken this quiz